| 000 | 00619nam a22002057a 4500 | ||
|---|---|---|---|
| 005 | 20230123004921.0 | ||
| 008 | 230123b |||||||| |||| 00| 0 eng d | ||
| 020 | _a0-552-14994-2 | ||
| 082 | _aFic. St813e 2004 | ||
| 100 |
_aSteel, Danielle _eauthor |
||
| 245 |
_aEchoes / _cDanielle Steel |
||
| 260 |
_aLondon: _bCorgi Books, _cc2004. |
||
| 300 | _a492p. | ||
| 541 | _e5547 | ||
| 650 | _aJewish women - Fiction | ||
| 650 | _aMothers and daughter relationship - Fiction | ||
| 650 | _aDomestic fiction | ||
| 650 | _aCatholics - Fiction | ||
| 650 | _aWorld War, 1939-1945 - Underground measurements - Fiction | ||
| 999 |
_c594 _d594 |
||